| 000 | 00367nam a2200145Ia 4500 | ||
|---|---|---|---|
| 008 | 230917s9999||||xx |||||||||||||| ||und|| | ||
| 040 |
_e137520 _aMAIN |
||
| 041 | _aEnglish | ||
| 082 | _a658.4 G237M | ||
| 100 | _aGauri Shankar | ||
| 245 | 0 | _aModern business organisation | |
| 260 |
_aDelhi _bShree Mahavir Book Depot _c1999 |
||
| 300 | _axii, 883 p. | ||
| 942 | _cBK | ||
| 999 |
_c102887 _d102887 |
||